[Event "San Sebastian op 38th"]
[Site "San Sebastian"]
[Date "2015.03.30"]
[Round "4"]
[White "Sacristan Latorre, Alberto"]
[Black "Orube Bona, Andoni"]
[Result "1-0"]
[WhiteElo "2021"]
[BlackElo "1814"]
[PlyCount "45"]
[EventDate "2015.03.28"]
[EventType "swiss"]
[EventRounds "9"]
[EventCountry "ESP"]
[SourceTitle "CBM 165 Extra"]
[Source "ChessBase"]
[SourceDate "2015.04.21"]
[SourceVersion "1"]
[SourceVersionDate "2015.04.21"]
[SourceQuality "1"]

1. e4 c5 2. c3 g6 3. d4 cxd4 4. cxd4 d5 5. e5 Nc6 6. Nc3 Nh6 7. h3 Bg7 8. g4 0-0 9. Be3 f6 10. exf6 exf6 11. Qd2 Nf7 12. Bg2 Be6 13. Nge2 Ne7 14. Nf4 Qd7 15. 0-0 Ng5 16. Nd3 b6 17. Rfe1 Bf7 18. Bxg5 fxg5 19. Qxg5 Rae8 20. Ne5 Bxe5 21. Rxe5 Nc6 22. Rxe8 Rxe8 23. Nxd5 1-0

[Event "Benidorm op U2000 13th"]
[Site "Benidorm"]
[Date "2014.12.07"]
[Round "10"]
[White "Kohler, Paul"]
[Black "Orube Bona, Andoni"]
[Result "0-1"]
[WhiteElo "1899"]
[BlackElo "1764"]
[PlyCount "52"]
[EventDate "2014.11.28"]
[EventType "swiss"]
[EventRounds "10"]
[EventCountry "ESP"]
[SourceTitle "CBM 163 Extra"]
[Source "ChessBase"]
[SourceDate "2014.12.23"]
[SourceVersion "1"]
[SourceVersionDate "2014.12.23"]
[SourceQuality "1"]

1. Nf3 Nf6 2. c4 e6 3. g3 b6 4. Bg2 Bb7 5. d4 Be7 6. 0-0 0-0 7. d5 exd5 8. Nh4 c6 9. Nf5 Ne4 10. cxd5 cxd5 11. Nc3 Nxc3 12. bxc3 Bc5 13. Bxd5 Bxd5 14. Qxd5 Nc6 15. Bf4 Ne7 16. Qe5 Nxf5 17. Qxf5 Qe7 18. e3 Qe6 19. Qh5 d6 20. Rfd1 h6 21. h4 f5 22. Qf3 Rad8 23. Rd5 Qf6 24. e4 fxe4 25. Qxe4 Qxc3 26. Rad1 Rfe8 0-1

[Event "San Sebastian Gros op 24th"]
[Site "San Sebastian"]
[Date "2014.09.21"]
[Round "1"]
[White "Cruz, Cristhian"]
[Black "Orube Bona, Andoni"]
[Result "1-0"]
[WhiteElo "2569"]
[BlackElo "1779"]
[PlyCount "61"]
[EventDate "2014.09.21"]
[EventType "swiss"]
[EventRounds "9"]
[EventCountry "ESP"]
[SourceTitle "EXT 2015"]
[Source "ChessBase"]
[SourceDate "2014.11.20"]
[SourceVersion "1"]
[SourceVersionDate "2014.11.20"]
[SourceQuality "1"]

1. d4 Nf6 2. c4 e6 3. g3 Bb4+ 4. Bd2 Qe7 5. Bg2 Nc6 6. e3 0-0 7. Ne2 Bxd2+ 8. Nxd2 d6 9. 0-0 e5 10. d5 Nb8 11. Nc3 a5 12. a3 Bg4 13. Qc2 Na6 14. h3 Bd7 15. Rfe1 Rfd8 16. Nf1 c6 17. dxc6 Bxc6 18. e4 Rac8 19. Ne3 b5 20. cxb5 Bxb5 21. Rad1 Qb7 22. Nf5 Qc7 23. Qd2 Bc4 24. Nxg7 Kxg7 25. Qg5+ Kf8 26. Qxf6 Nc5 27. Nd5 Bxd5 28. exd5 Rb8 29. Rxe5 dxe5 30. d6 Qd7 31. Qh8# 1-0

[Event "Donostia Gipuzkoa-ch"]
[Site "San Sebastian"]
[Date "2012.11.17"]
[Round "5"]
[White "Orube Bona, Andoni"]
[Black "Carrascal Rosal, Alberto"]
[Result "1/2-1/2"]
[WhiteElo "1791"]
[BlackElo "1875"]
[PlyCount "74"]
[EventDate "2012.10.20"]
[EventType "swiss"]
[EventRounds "7"]
[EventCountry "ESP"]
[SourceTitle "EXT 2014"]
[Source "ChessBase"]
[SourceDate "2013.11.20"]
[SourceVersion "1"]
[SourceVersionDate "2013.11.20"]
[SourceQuality "1"]

1. d4 Nf6 2. c4 e6 3. g3 d5 4. Nf3 Be7 5. Bg2 Nbd7 6. 0-0 0-0 7. Qc2 Ne4 8. Nfd2 Nxd2 9. Nxd2 Nf6 10. Rd1 c6 11. e4 dxe4 12. Nxe4 Re8 13. Bg5 Nxe4 14. Bxe7 Qxe7 15. Bxe4 g6 16. c5 a5 17. Qa4 Bd7 18. b4 axb4 19. Qxb4 b5 20. a4 bxa4 21. Rxa4 Rab8 22. Qa3 Rb7 23. Ra8 Rc7 24. Rb1 Rec8 25. Rbb8 Qe8 26. Rxc8 Rxc8 27. Ra7 Qd8 28. Qa6 Kg7 29. Qb7 Be8 30. Ra6 Qd7 31. Qb4 Kg8 32. Qa4 Kg7 33. Ra7 Rc7 34. Ra8 Rc8 35. Ra6 Rc7 36. Qa1 Kg8 37. Rb6 Qc8 1/2-1/2

[Event "Donostia Gipuzkoa-ch"]
[Site "San Sebastian"]
[Date "2012.11.10"]
[Round "4"]
[White "Mendikute Fierro, Claudio"]
[Black "Orube Bona, Andoni"]
[Result "1-0"]
[WhiteElo "2033"]
[BlackElo "1791"]
[PlyCount "101"]
[EventDate "2012.10.20"]
[EventType "swiss"]
[EventRounds "7"]
[EventCountry "ESP"]
[SourceTitle "EXT 2014"]
[Source "ChessBase"]
[SourceDate "2013.11.20"]
[SourceVersion "1"]
[SourceVersionDate "2013.11.20"]
[SourceQuality "1"]

1. e4 c5 2. c3 Nf6 3. e5 Nd5 4. Nf3 Nc6 5. Bc4 Nb6 6. Bb3 c4 7. Bc2 Qc7 8. Qe2 g5 9. h3 Bg7 10. Nxg5 Qxe5 11. Qxe5 Nxe5 12. 0-0 h6 13. Ne4 d5 14. Ng3 0-0 15. Re1 f5 16. f4 Ng6 17. d4 cxd3 18. Bxd3 e5 19. Nh5 Bh8 20. Bc2 d4 21. fxe5 Nxe5 22. cxd4 Ng6 23. d5 Bd7 24. Nc3 Kh7 25. Rd1 Rae8 26. Nf4 Rg8 27. Nxg6 Rxg6 28. Bf4 Nc4 29. Rab1 Ne3 30. Bxe3 Rxe3 31. Re1 Rxh3 32. Re7+ Kg8 33. Rxd7 Bd4+ 34. Kf1 Rh1+ 35. Ke2 Rxg2+ 36. Kd3 Rh4 37. Ne2 Be5 38. Rg1 Rh3+ 39. Kd2 Bf4+ 40. Ke1 Rxg1+ 41. Nxg1 Rh1 42. Kf2 Rh2+ 43. Kf3 Bc1 44. Bxf5 Rxb2 45. Be6+ Kf8 46. Ne2 Bg5 47. Nd4 h5 48. Nf5 Rb1 49. Rf7+ Ke8 50. Nd6+ Kd8 51. Rd7# 1-0

[Event "Donostia Gipuzkoa-ch"]
[Site "San Sebastian"]
[Date "2012.11.03"]
[Round "3"]
[White "Orube Bona, Andoni"]
[Black "Fernandez Zubitur, Jokin"]
[Result "1/2-1/2"]
[WhiteElo "1791"]
[BlackElo "1961"]
[PlyCount "54"]
[EventDate "2012.10.20"]
[EventType "swiss"]
[EventRounds "7"]
[EventCountry "ESP"]
[SourceTitle "EXT 2014"]
[Source "ChessBase"]
[SourceDate "2013.11.20"]
[SourceVersion "1"]
[SourceVersionDate "2013.11.20"]
[SourceQuality "1"]

1. d4 Nf6 2. c4 e6 3. g3 Bb4+ 4. Bd2 Qe7 5. Bg2 0-0 6. Nf3 d5 7. 0-0 Bxd2 8. Nbxd2 b6 9. cxd5 exd5 10. Ne5 Nbd7 11. Nc6 Qe6 12. Rc1 Bb7 13. Qc2 Rfe8 14. Rfe1 h5 15. e4 h4 16. exd5 Qxe1+ 17. Rxe1 Rxe1+ 18. Nf1 Ba6 19. Nb4 Bxf1 20. Bxf1 Rae8 21. Nd3 R8e2 22. Qxc7 Ra1 23. Kg2 Rd2 24. Ne5 Nxe5 25. dxe5 Nxd5 26. Qd8+ Kh7 27. Qxh4+ Kg8 1/2-1/2

[Event "San Sebastian Primavera de Gros op 8th"]
[Site "San Sebastian"]
[Date "2012.04.28"]
[Round "2"]
[White "Pinilla Santibanez, Roberto"]
[Black "Orube Bona, Andoni"]
[Result "1-0"]
[WhiteElo "2077"]
[BlackElo "1788"]
[PlyCount "111"]
[EventDate "2012.04.21"]
[EventType "swiss"]
[EventRounds "7"]
[EventCountry "ESP"]
[SourceTitle "EXT 2014"]
[Source "ChessBase"]
[SourceDate "2013.11.20"]
[SourceVersion "1"]
[SourceVersionDate "2013.11.20"]
[SourceQuality "1"]

1. e4 c5 2. Nf3 g6 3. d4 cxd4 4. Nxd4 Nc6 5. Be3 Bg7 6. Nc3 Nf6 7. f4 Qb6 8. e5 Ng4 9. Bg1 Nh6 10. Qd2 Qa5 11. Nb3 Qd8 12. 0-0-0 0-0 13. Ne4 a5 14. Nbc5 Qc7 15. Nc3 b6 16. Nb5 Qb8 17. Nxd7 Bxd7 18. Qxd7 Nxe5 19. fxe5 Qxe5 20. Bd4 Qf4+ 21. Kb1 Rad8 22. Qh3 Nf5 23. c3 e5 24. Bd3 exd4 25. Bxf5 gxf5 26. Nxd4 Qe4+ 27. Nc2 Rfe8 28. Rde1 Qg4 29. Rxe8+ Rxe8 30. Qd3 Qxg2 31. Rf1 Qe4 32. Qd7 Qe6 33. Qb5 Qe2 34. Qxf5 Rd8 35. Qxf7+ Kh8 36. Nd4 Qd3+ 37. Ka1 Rf8 38. Qxf8+ Bxf8 39. Rxf8+ Kg7 40. Ne6+ Kh6 41. Rf6+ Kh5 42. Nf4+ Kg5 43. Nxd3 Kxf6 44. Kb1 Kg5 45. Kc2 Kg4 46. Ne1 Kh3 47. Nf3 Kg2 48. Ng5 h6 49. h4 Kg3 50. h5 Kg4 51. Nf7 Kxh5 52. a4 Kg6 53. Nxh6 Kxh6 54. Kd3 Kg6 55. Kc4 Kf6 56. Kb5 1-0

[Event "San Sebastian op 20th"]
[Site "San Sebastian"]
[Date "2010.09.30"]
[Round "7"]
[White "Fernandez Zubitur, Jokin"]
[Black "Orube Bona, Andoni"]
[Result "1-0"]
[WhiteElo "1892"]
[BlackElo "1763"]
[PlyCount "63"]
[EventDate "2010.09.24"]
[EventType "swiss"]
[EventRounds "9"]
[EventCountry "ESP"]
[SourceTitle "CBM 138 Extra"]
[Source "ChessBase"]
[SourceDate "2010.10.29"]
[SourceVersion "1"]
[SourceVersionDate "2010.10.29"]
[SourceQuality "1"]

1. e4 c5 2. Nc3 g6 3. g3 Bg7 4. Bg2 Nc6 5. d3 d6 6. Be3 Nf6 7. h3 0-0 8. Nge2 Rb8 9. a4 a6 10. 0-0 Nd7 11. d4 cxd4 12. Nxd4 Nde5 13. b3 Nb4 14. f4 Nec6 15. Nd5 e6 16. Nxb4 Nxb4 17. c3 Nc6 18. b4 e5 19. Nxc6 bxc6 20. f5 a5 21. bxa5 Ba6 22. Rf2 Bc4 23. Bb6 Qe7 24. Qd2 gxf5 25. exf5 d5 26. Bf1 Bxf1 27. Raxf1 Qf6 28. Be3 e4 29. Bg5 Qxc3 30. f6 Qxg3+ 31. Rg2 Qxh3 32. Bh6 1-0

[Event "San Sebastian op 20th"]
[Site "San Sebastian"]
[Date "2010.09.24"]
[Round "1"]
[White "Mirzoev, Azer"]
[Black "Orube Bona, Andoni"]
[Result "1-0"]
[WhiteElo "2541"]
[BlackElo "1763"]
[PlyCount "55"]
[EventDate "2010.09.24"]
[EventType "swiss"]
[EventRounds "9"]
[EventCountry "ESP"]
[SourceTitle "CBM 138 Extra"]
[Source "ChessBase"]
[SourceDate "2010.10.29"]
[SourceVersion "1"]
[SourceVersionDate "2010.10.29"]
[SourceQuality "1"]

1. Nf3 e6 2. c4 f5 3. Nc3 Nf6 4. g3 c6 5. Bg2 d5 6. b3 Bd6 7. 0-0 0-0 8. a4 a5 9. Ba3 Ne4 10. Bxd6 Nxd6 11. d3 Nd7 12. Qc2 Nf7 13. e4 Nfe5 14. Nxe5 Nxe5 15. exd5 f4 16. Rfe1 Qf6 17. d4 Ng4 18. Ne4 Qg6 19. dxc6 f3 20. Bf1 Nxh2 21. Kxh2 Rf5 22. Kg1 Rh5 23. Qd3 e5 24. Qxf3 Bg4 25. cxb7 Rb8 26. Qg2 Qf5 27. Nd6 Qf8 28. Qd5+ 1-0

[Event "San Sebastian op 33rd"]
[Site "San Sebastian"]
[Date "2010.04.04"]
[Round "9"]
[White "Orube Bona, Andoni"]
[Black "Fernandez Zubitur, Jokin"]
[Result "0-1"]
[WhiteElo "1732"]
[BlackElo "1908"]
[PlyCount "72"]
[EventDate "2010.03.28"]
[EventType "swiss"]
[EventRounds "9"]
[EventCountry "ESP"]
[SourceTitle "CBM 135 Extra"]
[Source "ChessBase"]
[SourceDate "2010.05.04"]
[SourceVersion "1"]
[SourceVersionDate "2010.05.04"]
[SourceQuality "1"]

1. e4 e5 2. Nf3 Nc6 3. d4 exd4 4. Nxd4 Bc5 5. Nxc6 Qf6 6. Qf3 dxc6 7. Nd2 Be6 8. Bd3 0-0-0 9. 0-0 Qh4 10. e5 Bd4 11. Bf5 Bxe5 12. g3 Qf6 13. Bxe6+ fxe6 14. Qb3 Bd6 15. Ne4 Qf5 16. Nxd6+ cxd6 17. Re1 e5 18. Be3 b6 19. c4 Nf6 20. Qa4 Kb7 21. b4 Ng4 22. Qb3 Rhf8 23. Rf1 Qf3 24. Qd1 Nxe3 25. Qxf3 Rxf3 26. fxe3 Rdf8 27. Rae1 Rxf1+ 28. Rxf1 Rxf1+ 29. Kxf1 d5 30. cxd5 cxd5 31. Ke2 Kc6 32. a4 a5 33. Kd3 axb4 34. h4 h5 35. e4 dxe4+ 36. Kc4 e3 0-1

[Event "San Sebastian op 33rd"]
[Site "San Sebastian"]
[Date "2010.04.03"]
[Round "8"]
[White "Tung, Kai Ming"]
[Black "Orube Bona, Andoni"]
[Result "1-0"]
[WhiteElo "1957"]
[BlackElo "1732"]
[PlyCount "99"]
[EventDate "2010.03.28"]
[EventType "swiss"]
[EventRounds "9"]
[EventCountry "ESP"]
[SourceTitle "CBM 135 Extra"]
[Source "ChessBase"]
[SourceDate "2010.05.04"]
[SourceVersion "1"]
[SourceVersionDate "2010.05.04"]
[SourceQuality "1"]

1. e4 e5 2. Nf3 Nc6 3. Bc4 Nf6 4. d3 Be7 5. 0-0 d6 6. h3 h6 7. Nc3 0-0 8. Ne2 Na5 9. Bb3 Nxb3 10. axb3 Nh5 11. g4 Nf6 12. Ng3 Nh7 13. Kh2 Ng5 14. Rg1 g6 15. Be3 Kh7 16. Nd2 d5 17. Nf3 dxe4 18. Nxg5+ Bxg5 19. Nxe4 Bf4+ 20. Bxf4 exf4 21. Qf3 f5 22. gxf5 Bxf5 23. Nc3 Qh4 24. Rg2 h5 25. Qxb7 Bxh3 26. Qxc7+ Kh6 27. Ne4 Bxg2+ 28. Kxg2 Qg4+ 29. Kf1 Rac8 30. Qd6 Rfd8 31. Qf6 Qh3+ 32. Kg1 Qg4+ 33. Kf1 f3 34. Rxa7 Rd7 35. Rxd7 Qh3+ 36. Ke1 Qxd7 37. Qf4+ Kg7 38. Kd2 Qc7 39. Qf6+ Kh6 40. c3 Rd8 41. Qxf3 Qe7 42. b4 Qe6 43. Qf4+ Kg7 44. b5 Qd5 45. Qf6+ Kh6 46. d4 Re8 47. Qf4+ Kg7 48. Nf6 Qxb5 49. Nxe8+ Qxe8 50. Qe5+ 1-0

[Event "San Sebastian op 33rd"]
[Site "San Sebastian"]
[Date "2010.04.02"]
[Round "7"]
[White "Navascues Zabaleta, Jesus"]
[Black "Orube Bona, Andoni"]
[Result "0-1"]
[WhiteElo "1800"]
[BlackElo "1732"]
[PlyCount "84"]
[EventDate "2010.03.28"]
[EventType "swiss"]
[EventRounds "9"]
[EventCountry "ESP"]
[SourceTitle "CBM 135 Extra"]
[Source "ChessBase"]
[SourceDate "2010.05.04"]
[SourceVersion "1"]
[SourceVersionDate "2010.05.04"]
[SourceQuality "1"]

1. d4 e6 2. c4 f5 3. Nc3 Nf6 4. Qc2 c6 5. e3 d5 6. Bd3 Ne4 7. Nge2 Bd6 8. g3 Nd7 9. f3 Nxc3 10. Nxc3 Nf6 11. e4 fxe4 12. fxe4 Bb4 13. a3 dxc4 14. axb4 cxd3 15. Qxd3 e5 16. d5 0-0 17. Bg5 Bg4 18. h3 Bh5 19. g4 Bg6 20. 0-0-0 Qb6 21. Qc4 Kh8 22. Rhe1 cxd5 23. exd5 Rac8 24. Qb3 Ne4 25. Be3 Qb5 26. d6 Rfd8 27. Rd5 Qd7 28. Rxe5 Qxd6 29. Bf4 Qd4 30. Rd1 Nd2 31. Rxd2 Qxf4 32. Red5 Bf7 33. Rxd8+ Rxd8 34. Qd1 Bb3 35. Qe2 Rxd2 36. Qxd2 Qf1+ 37. Nd1 Qxh3 38. Qd8+ Bg8 39. Qc8 Qf3 40. Nc3 Qf4+ 41. Kb1 Qxb4 42. Qd7 a5 0-1

[Event "San Sebastian op 33rd"]
[Site "San Sebastian"]
[Date "2010.03.30"]
[Round "3"]
[White "Santesteban Gonzalez, Begona"]
[Black "Orube Bona, Andoni"]
[Result "0-1"]
[WhiteElo "1588"]
[BlackElo "1732"]
[PlyCount "48"]
[EventDate "2010.03.28"]
[EventType "swiss"]
[EventRounds "9"]
[EventCountry "ESP"]
[SourceTitle "CBM 135 Extra"]
[Source "ChessBase"]
[SourceDate "2010.05.04"]
[SourceVersion "1"]
[SourceVersionDate "2010.05.04"]
[SourceQuality "1"]

1. e4 c5 2. Nf3 Nc6 3. d4 cxd4 4. Nxd4 Nf6 5. Nc3 e5 6. Nb3 Bb4 7. f3 d5 8. exd5 Nxd5 9. Bd2 Bxc3 10. bxc3 0-0 11. Qe2 Nf4 12. Qf2 Bf5 13. Bxf4 exf4 14. Rc1 Qf6 15. Nd4 Nxd4 16. cxd4 Qe6+ 17. Qe2 Qxa2 18. Qd2 Rfe8+ 19. Be2 Re3 20. 0-0 Rc8 21. d5 Rxc2 22. Rxc2 Qxc2 23. Qxc2 Bxc2 24. Bd1 Bd3 0-1